000
00256nam a2200097Ia 4500
008
190216s9999||||xx |||||||||||||| ||und||
100
_a
Null
245
0
_a
"Hindi-Rashtra Bharath Bagam I,Ii"
260
_b
National Council Of Educational Research
942
_c
BK
999
_c
18248
_d
18248